[Event "Moscow Aeroflot op-A"]
[Site "Moscow"]
[Date "2025.03.03"]
[Round "5"]
[White "Rozum, Ivan"]
[Black "Tyurin, Artem"]
[Result "1/2-1/2"]
[WhiteElo "2436"]
[BlackElo "2324"]
[PlyCount "120"]
[EventDate "2025.03.01"]
[EventType "swiss"]
[EventRounds "9"]
[EventCountry "RUS"]
[SourceTitle "CB11_2025"]
[SourceDate "2025.03.12"]
[SourceVersion "1"]
[SourceVersionDate "2025.03.12"]
[SourceQuality "1"]

1. Nf3 d5 2. g3 c5 3. Bg2 Nc6 4. d4 Nf6 5. 0-0 e6 6. c4 dxc4 7. dxc5 Qxd1 8. Rxd1 Bxc5 9. Nbd2 c3 10. bxc3 0-0 11. Nb3 Be7 12. c4 Bd7 13. Bb2 Rfd8 14. Nfd4 Rac8 15. Nb5 b6 16. Nd6 Rc7 17. Ba3 Ne5 18. Nb5 Bxb5 19. Rxd8+ Bxd8 20. cxb5 Be7 21. Bxe7 Rxe7 22. Rc1 g5 23. Nd4 Rd7 24. e3 g4 25. Kf1 Nd5 26. Bxd5 Rxd5 27. Rc8+ Kg7 28. Rc7 Kg6 29. Ke2 Nf3 30. Nxf3 gxf3+ 31. Kxf3 Rxb5 32. Rxa7 Rb2 33. g4 b5 34. g5 b4 35. h4 b3 36. axb3 Rxb3 37. Kg4 Rb4+ 38. f4 h5+ 39. gxh6 f5+ 40. Kf3 Kxh6 41. Ra8 Kg7 42. Ra1 Kf6 43. h5 Rb7 44. Rh1 Rg7 45. e4 Ra7 46. h6 Kg6 47. Ke3 Kh7 48. e5 Ra4 49. Rd1 Kxh6 50. Rd6 Kh5 51. Rxe6 Ra3+ 52. Kd4 Kg4 53. Rc6 Kxf4 54. e6 Re3 55. Kd5 Kg3 56. Rc7 f4 57. Rg7+ Kf2 58. e7 f3 59. Kd6 Kf1 60. Kd7 Rxe7+ 1/2-1/2

[Event "Pozarevac Rudar GM 01"]
[Site "Pozarevac"]
[Date "2025.02.04"]
[Round "9"]
[White "Bryakin, Mikhail"]
[Black "Tyurin, Artem"]
[Result "1/2-1/2"]
[WhiteElo "2426"]
[BlackElo "2361"]
[PlyCount "52"]
[EventDate "2025.01.28"]
[EventType "tourn"]
[EventRounds "9"]
[EventCountry "SRB"]
[SourceTitle "CB06_2025"]
[SourceDate "2025.02.05"]
[SourceVersion "1"]
[SourceVersionDate "2025.02.05"]
[SourceQuality "1"]

1. d4 Nf6 2. c4 e6 3. Nf3 d5 4. Nc3 c5 5. cxd5 cxd4 6. Qxd4 exd5 7. e4 dxe4 8. Qxd8+ Kxd8 9. Ng5 Be6 10. Bb5 a6 11. Ba4 Bb4 12. Nxe6+ fxe6 13. Bd2 b5 14. Bc2 Nc6 15. 0-0-0 Ke7 16. Nxe4 Rac8 17. Bg5 h6 18. Bh4 Rhd8 19. Rxd8 Rxd8 20. Rd1 Rxd1+ 21. Kxd1 Nd4 22. a3 Ba5 23. Nc5 Bc7 24. Bg3 Bxg3 25. hxg3 Kd6 26. Ne4+ Ke5 1/2-1/2

[Event "Pozarevac Rudar GM 01"]
[Site "Pozarevac"]
[Date "2025.02.03"]
[Round "8"]
[White "Tyurin, Artem"]
[Black "Afanasiev, Nikita"]
[Result "1/2-1/2"]
[WhiteElo "2361"]
[BlackElo "2528"]
[PlyCount "25"]
[EventDate "2025.01.28"]
[EventType "tourn"]
[EventRounds "9"]
[EventCountry "SRB"]
[SourceTitle "CB06_2025"]
[SourceDate "2025.02.05"]
[SourceVersion "1"]
[SourceVersionDate "2025.02.05"]
[SourceQuality "1"]

1. c4 c5 2. Nf3 b6 3. g3 Bb7 4. Bg2 Nf6 5. 0-0 e6 6. Nc3 Be7 7. d4 cxd4 8. Qxd4 Nc6 9. Qf4 Qb8 10. Rd1 0-0 11. g4 d6 12. b3 Rd8 13. h3 1/2-1/2

[Event "Qatar Masters op-A"]
[Site "Doha"]
[Date "2024.12.11"]
[Round "8"]
[White "Pham, Tran Gia Phuc"]
[Black "Tyurin, Artem"]
[Result "1/2-1/2"]
[WhiteElo "2445"]
[BlackElo "2356"]
[PlyCount "61"]
[EventDate "2024.12.03"]
[EventType "swiss"]
[EventRounds "9"]
[EventCountry "QAT"]
[SourceTitle "CB51_2024"]
[SourceDate "2024.12.18"]
[SourceVersion "1"]
[SourceVersionDate "2024.12.18"]
[SourceQuality "1"]

1. d4 Nf6 2. Bf4 e6 3. Nf3 d5 4. e3 c5 5. Nbd2 Qb6 6. c4 Nc6 7. dxc5 Bxc5 8. Rb1 0-0 9. a3 a5 10. cxd5 Nxd5 11. Bg3 Rd8 12. Qc2 h6 13. Rc1 Be7 14. e4 Nf6 15. Nc4 Qc5 16. Be2 Nh5 17. 0-0 Nxg3 18. hxg3 Bd7 19. e5 b5 20. Nd6 Qxc2 21. Rxc2 Nxe5 22. Nxe5 Bxd6 23. Nxd7 Rxd7 24. Bxb5 Rc7 25. Rd2 Be5 26. Re2 Bd6 27. Rd2 Be5 28. Re2 Bd6 29. Rd2 Be5 30. Re2 Bd6 31. Rd2 1/2-1/2